00271nam a2200097Ia 4500008004100000100003800041245004600079260001200125500002400137650001200161230524s9999 xx 000 0 und d a"William Stallings, Lawrie Brown" 0aComputer Security Principles and Practice bPearson aQuantity Number: 2 aComp-Sc